In it up to their heads (Record no. 70046)
[ view plain ]
| 000 -LEADER | |
|---|---|
| fixed length control field | 01380cam a2200265 4500 |
| 001 - CONTROL NUMBER | |
| control field | ABS65374 |
| 008 - FIXED-LENGTH DATA ELEMENTS--GENERAL INFORMATION | |
| fixed length control field | 020423n2002 000 0 eng u |
| 035 ## - SYSTEM CONTROL NUMBER | |
| System control number | (Sirsi) u117641 |
| 100 ## - MAIN ENTRY--PERSONAL NAME | |
| Personal name | Akenhead, R |
| 245 ## - TITLE STATEMENT | |
| Title | In it up to their heads |
| 260 ## - PUBLICATION, DISTRIBUTION, ETC. | |
| Date of publication, distribution, etc. | 2002 |
| 490 ## - SERIES STATEMENT | |
| Series statement | Building |
| Volume/sequential designation | 15 March 2002, 59(1) |
| 520 ## - SUMMARY, ETC. | |
| Summary, etc. | The recent CA decision in "Marcic v Thames Water" means that water companies will now be liable when public sewers cause repeated flooding to homeowners. Mr Marcic sued Thames Water for nuisance, negligence, breach of statutory duty and under the Human Rights Act 1998 after his property was frequently flooded as a result of overflowing public sewers. Thames Water was held liable for nuisance in tort because it had not carried out all that was reasonable to prevent hazards on the land (or sewer) as required under the current law. Concludes that all those involved in the water industry will have to take more immediate and effective steps to address inadequacies in sewerage systems which cause repeated flooding. |
| 590 ## - LOCAL NOTE (RLIN) | |
| Local note | ABS |
| 650 ## - SUBJECT ADDED ENTRY--TOPICAL TERM | |
| Topical term or geographic name entry element | PUBLIC SEWERS |
| 650 ## - SUBJECT ADDED ENTRY--TOPICAL TERM | |
| Topical term or geographic name entry element | WATER INDUSTRY ACT 1991 |
| 650 ## - SUBJECT ADDED ENTRY--TOPICAL TERM | |
| Topical term or geographic name entry element | WATER COMPANIES |
| 650 ## - SUBJECT ADDED ENTRY--TOPICAL TERM | |
| Topical term or geographic name entry element | HUMAN RIGHTS ACT 1998 |
| 650 ## - SUBJECT ADDED ENTRY--TOPICAL TERM | |
| Topical term or geographic name entry element | FLOODING |
| 650 ## - SUBJECT ADDED ENTRY--TOPICAL TERM | |
| Topical term or geographic name entry element | LIABILITY |
| 650 ## - SUBJECT ADDED ENTRY--TOPICAL TERM | |
| Topical term or geographic name entry element | NEGLIGENCE |
| 650 ## - SUBJECT ADDED ENTRY--TOPICAL TERM | |
| Topical term or geographic name entry element | MARCIC V THAMES WATER UTILITIES LTD |
| 690 ## - LOCAL SUBJECT ADDED ENTRY--TOPICAL TERM (OCLC, RLIN) | |
| Topical term or geographic name as entry element | ENVIRONMENT-CASE LAW |
| 942 ## - ADDED ENTRY ELEMENTS (KOHA) | |
| Suppress in OPAC | 0 |
| Withdrawn status | Lost status | Source of classification or shelving scheme | Damaged status | Not for loan | Home library | Current library | Shelving location | Date acquired | Total Checkouts | Full call number | Barcode | Date last seen | Copy number | Price effective from | Koha item type |
|---|---|---|---|---|---|---|---|---|---|---|---|---|---|---|---|
| Dewey Decimal Classification | London | London | Journal article | 23/04/2002 | ABS65374 | 117641-1001 | 06/08/2019 | 1 | 06/08/2019 | Journal article |